[Event "Silkway Cup"]
[Site "T#646345FIDE"]
[Date "2020.05.26"]
[Round "5"]
[White "Atesh"]
[Black "Nara_Kh"]
[Result "1-0"]
[WhiteElo "1682"]
[BlackElo "1605"]
[Annotator "NA"]
[PlyCount "83"]
[EventDate "2020.05.26"]
[EventType "swiss (blitz)"]

1. Nf3 {[%emt 0:00:03]} d6 {[%emt 0:00:03]} 2. d4 {[%emt 0:00:02]} g6 {[%emt 0:00:02]} 3. c4 {[%emt 0:00:03]} Bg7 {[%emt 0:00:01]} 4. Nc3 {[%emt 0:00:00]} Nd7 {[%emt 0:00:20]} 5. e4 {[%emt 0:00:03]} e5 {[%emt 0:00:03]} 6. Be2 {[%emt 0:00:01]} Ne7 {[%emt 0:00:02]} 7. O-O {[%emt 0:00:02]} O-O {[%emt 0:00:02]} 8. Be3 {[%emt 0:00:03]} Nc6 {[%emt 0:00:05]} 9. d5 {[%emt 0:00:05]} Ne7 {[%emt 0:00:02]} 10. Nd2 {[%emt 0:00:01]} f5 {[%emt 0:00:02]} 11. f3 {[%emt 0:00:01]} f4 {[%emt 0:00:01]} 12. Bf2 {[%emt 0:00:01]} g5 {[%emt 0:00:01]} 13. b4 {[%emt 0:00:01]} Nf6 {[%emt 0:00:02]} 14. c5 {[%emt 0:00:01]} h5 {[%emt 0:00:04]} 15. Nc4 {[%emt 0:00:04]} a6 {[%emt 0:00:24]} 16. b5 {[%emt 0:00:04]} Ne8 {[%emt 0:00:17]} 17. b6 {[%emt 0:00:12]} Ng6 {[%emt 0:00:30]} 18. bxc7 {[%emt 0:00:19]} Qxc7 {[%emt 0:00:01]} 19. cxd6 {[%emt 0:00:04]} Nxd6 {[%emt 0:00:01]} 20. Nxd6 {[%emt 0:00:02]} Qxd6 {[%emt 0:00:02]} 21. Na4 {[%emt 0:00:04]} Bd7 {[%emt 0:00:11]} 22. Bc5 {[%emt 0:00:39]} Qf6 {[%emt 0:00:03]} 23. Nb6 {[%emt 0:00:09]} Rad8 {[%emt 0:00:10]} 24. Nxd7 {[%emt 0:00:01]} Rxd7 {[%emt 0:00:01]} 25. Bxf8 {[%emt 0:00:02]} Bxf8 {[%emt 0:00:01]} 26. Rc1 {[%emt 0:00:01]} Qb6+ {[%emt 0:00:31]} 27. Kh1 {[%emt 0:00:02]} Bc5 {[%emt 0:00:01]} 28. Qb3 {[%emt 0:00:19]} Qd6 {[%emt 0:00:20]} 29. Rc2 {[%emt 0:00:19]} Nf8 {[%emt 0:00:30]} 30. Rfc1 {[%emt 0:00:05]} Bd4 {[%emt 0:00:01]} 31. Rc8 {[%emt 0:00:05]} Qg6 {[%emt 0:00:02]} 32. Rb8 {[%emt 0:00:05]} Qg7 {[%emt 0:00:02]} 33. Rcc8 {[%emt 0:00:03]} Rf7 {[%emt 0:00:01]} 34. d6 {[%emt 0:00:01]} Kh7 {[%emt 0:00:01]} 35. Rxf8 {[%emt 0:00:05]} Rxf8 {[%emt 0:00:01]} 36. Rxb7 {[%emt 0:00:01]} Rc8 {[%emt 0:00:04]} 37. Rxg7+ {[%emt 0:00:03]} Kh6 {[%emt 0:00:01]} 38. d7 {[%emt 0:00:03]} Rc1+ {[%emt 0:00:02]} 39. Bd1 {[%emt 0:00:05]} Bb6 {[%emt 0:00:03]} 40. Rg8 {[%emt 0:00:03]} Bc7 {[%emt 0:00:02]} 41. d8=Q {[%emt 0:00:03]} Bxd8 {[%emt 0:00:01]} 42. Rxd8 {[%emt 0:00:01] Nara_Kh Ñäàåòñÿ (Lag: Av=0.40s, max=0.8s)} 1-0

[Event "Silkway Cup"]
[Site "T#646345FIDE"]
[Date "2020.05.26"]
[Round "5"]
[White "Gaguna"]
[Black "Nino2014"]
[Result "1-0"]
[WhiteElo "1658"]
[BlackElo "1792"]
[Annotator "NA"]
[PlyCount "85"]
[EventDate "2020.05.26"]
[EventType "swiss (blitz)"]

1. d4 {[%emt 0:00:03]} d5 {[%emt 0:00:02]} 2. Nf3 {[%emt 0:00:01]} Nf6 {[%emt 0:00:02]} 3. c4 {[%emt 0:00:01]} e6 {[%emt 0:00:01]} 4. Nc3 {[%emt 0:00:02]} c5 {[%emt 0:00:01]} 5. dxc5 {[%emt 0:00:03]} Bxc5 {[%emt 0:00:04]} 6. cxd5 {[%emt 0:00:07]} exd5 {[%emt 0:00:02]} 7. e3 {[%emt 0:00:01]} O-O {[%emt 0:00:03]} 8. Be2 {[%emt 0:00:01]} Nc6 {[%emt 0:00:01]} 9. O-O {[%emt 0:00:01]} Re8 {[%emt 0:00:04]} 10. b3 {[%emt 0:00:06]} Bg4 {[%emt 0:00:21]} 11. Bb2 {[%emt 0:00:02]} a6 {[%emt 0:00:01]} 12. Rc1 {[%emt 0:00:02]} Ba7 {[%emt 0:00:01]} 13. Na4 {[%emt 0:00:02]} Qd6 {[%emt 0:00:21]} 14. Bxf6 {[%emt 0:00:28]} Qxf6 {[%emt 0:00:00]} 15. Qxd5 {[%emt 0:00:06]} Rad8 {[%emt 0:00:01]} 16. Qc4 {[%emt 0:00:02]} Bxf3 {[%emt 0:00:10]} 17. Bxf3 {[%emt 0:00:01]} Ne5 {[%emt 0:00:01]} 18. Qe2 {[%emt 0:00:01]} Nxf3+ {[%emt 0:00:39]} 19. Qxf3 {[%emt 0:00:02]} Qxf3 {[%emt 0:00:02]} 20. gxf3 {[%emt 0:00:01]} b5 {[%emt 0:00:34]} 21. Nc3 {[%emt 0:00:05]} Rd2 {[%emt 0:00:01]} 22. Rfd1 {[%emt 0:00:03]} Rb2 {[%emt 0:00:03]} 23. Rd7 {[%emt 0:00:06]} Bb8 {[%emt 0:00:10]} 24. Rcd1 {[%emt 0:00:15]} Be5 {[%emt 0:00:09]} 25. Ne4 {[%emt 0:00:27]} Rxa2 {[%emt 0:00:07]} 26. Ra7 {[%emt 0:00:03]} f5 {[%emt 0:00:22]} 27. Nc5 {[%emt 0:00:15]} a5 {[%emt 0:00:03]} 28. f4 {[%emt 0:00:05]} Bc3 {[%emt 0:00:03]} 29. Rd5 {[%emt 0:00:09]} Rf8 {[%emt 0:00:10]} 30. Ne6 {[%emt 0:00:05]} Re8 {[%emt 0:00:06]} 31. Nc7 {[%emt 0:00:20]} Re7 {[%emt 0:00:03]} 32. Rxf5 {[%emt 0:00:06]} h6 {[%emt 0:00:04]} 33. Ra8+ {[%emt 0:00:11]} Kh7 {[%emt 0:00:01]} 34. Nd5 {[%emt 0:00:01]} Rd7 {[%emt 0:00:11]} 35. Nxc3 {[%emt 0:00:03]} Rc2 {[%emt 0:00:01]} 36. Ne4 {[%emt 0:00:05]} Rd1+ {[%emt 0:00:02]} 37. Kg2 {[%emt 0:00:02]} a4 {[%emt 0:00:00]} 38. bxa4 {[%emt 0:00:02]} b4 {[%emt 0:00:01]} 39. Rb8 {[%emt 0:00:03]} Rc4 {[%emt 0:00:02]} 40. Kf3 {[%emt 0:00:02]} Rb1 {[%emt 0:00:02]} 41. Rff8 {[%emt 0:00:04]} b3 {[%emt 0:00:03]} 42. f5 {[%emt 0:00:01]} g5 {[%emt 0:00:07]} 43. Rf7# {[%emt 0:00:04] (Lag: Av=0.85s, max=1.7s)} 1-0

[Event "Silkway Cup"]
[Site "T#646345FIDE"]
[Date "2020.05.26"]
[Round "5"]
[White "Niadongh"]
[Black "Ulka96"]
[Result "0-1"]
[WhiteElo "1646"]
[BlackElo "1458"]
[Annotator "NA"]
[PlyCount "118"]
[EventDate "2020.05.26"]
[EventType "swiss (blitz)"]

1. e4 {[%emt 0:00:03]} e6 {[%emt 0:00:04]} 2. d4 {[%emt 0:00:02]} d5 {[%emt 0:00:03]} 3. e5 {[%emt 0:00:02]} c5 {[%emt 0:00:02]} 4. c3 {[%emt 0:00:02]} Nc6 {[%emt 0:00:02]} 5. Nf3 {[%emt 0:00:02]} Qb6 {[%emt 0:00:01]} 6. Be2 {[%emt 0:00:19]} cxd4 {[%emt 0:00:06]} 7. cxd4 {[%emt 0:00:01]} Nge7 {[%emt 0:00:05]} 8. O-O {[%emt 0:00:56]} Nf5 {[%emt 0:00:01]} 9. Kh1 {[%emt 0:00:47]} Ncxd4 {[%emt 0:00:32]} 10. Nxd4 {[%emt 0:00:20]} Qxd4 {[%emt 0:00:01]} 11. Bb5+ {[%emt 0:00:02]} Bd7 {[%emt 0:00:09]} 12. Bxd7+ {[%emt 0:00:05]} Kxd7 {[%emt 0:00:01]} 13. Qb3 {[%emt 0:00:01]} Qb4 {[%emt 0:00:11]} 14. Qd3 {[%emt 0:00:12]} Bc5 {[%emt 0:00:25]} 15. Nc3 {[%emt 0:00:10]} Qc4 {[%emt 0:00:27]} 16. Qd1 {[%emt 0:00:12]} h6 {[%emt 0:00:05]} 17. Bd2 {[%emt 0:00:04]} Ke7 {[%emt 0:00:03]} 18. b3 {[%emt 0:00:02]} Qh4 {[%emt 0:00:23]} 19. Qf3 {[%emt 0:00:09]} Rhd8 {[%emt 0:00:08]} 20. Nb5 {[%emt 0:00:03]} a6 {[%emt 0:00:08]} 21. Nc3 {[%emt 0:00:02]} Rac8 {[%emt 0:00:04]} 22. Rae1 {[%emt 0:00:02]} Kf8 {[%emt 0:00:04]} 23. Na4 {[%emt 0:00:01]} Be7 {[%emt 0:00:07]} 24. Nb6 {[%emt 0:00:02]} Rc6 {[%emt 0:00:03]} 25. Na4 {[%emt 0:00:01]} b5 {[%emt 0:00:04]} 26. Nb2 {[%emt 0:00:03]} Rc2 {[%emt 0:00:02]} 27. Bc1 {[%emt 0:00:02]} Rdc8 {[%emt 0:00:04]} 28. Nd3 {[%emt 0:00:01]} R2c3 {[%emt 0:00:03]} 29. Bd2 {[%emt 0:00:03]} Nd4 {[%emt 0:00:04]} 30. Qd1 {[%emt 0:00:04]} Rxd3 {[%emt 0:00:01]} 31. Re3 {[%emt 0:00:04]} Rxe3 {[%emt 0:00:02]} 32. Bxe3 {[%emt 0:00:01]} Nf5 {[%emt 0:00:02]} 33. Bd4 {[%emt 0:00:02]} Qxd4 {[%emt 0:00:01]} 34. Qxd4 {[%emt 0:00:02]} Nxd4 {[%emt 0:00:01]} 35. h3 {[%emt 0:00:01]} Rc2 {[%emt 0:00:01]} 36. Kh2 {[%emt 0:00:01]} Rxa2 {[%emt 0:00:01]} 37. Rd1 {[%emt 0:00:00]} Bc5 {[%emt 0:00:04]} 38. Rc1 {[%emt 0:00:01]} Rc2 {[%emt 0:00:01]} 39. Rb1 {[%emt 0:00:01]} a5 {[%emt 0:00:01]} 40. Ra1 {[%emt 0:00:01]} Bb4 {[%emt 0:00:02]} 41. Rd1 {[%emt 0:00:01]} Bc3 {[%emt 0:00:01]} 42. Rb1 {[%emt 0:00:02]} g6 {[%emt 0:00:03]} 43. Rd1 {[%emt 0:00:01]} a4 {[%emt 0:00:01]} 44. h4 {[%emt 0:00:01]} a3 {[%emt 0:00:04]} 45. h5 {[%emt 0:00:03]} g5 {[%emt 0:00:02]} 46. Kg3 {[%emt 0:00:02]} a2 {[%emt 0:00:01]} 47. f3 {[%emt 0:00:02]} a1=Q {[%emt 0:00:01]} 48. Rxa1 {[%emt 0:00:01]} Bxa1 {[%emt 0:00:01]} 49. b4 {[%emt 0:00:01]} Bc3 {[%emt 0:00:04]} 50. f4 {[%emt 0:00:01]} Ne2+ {[%emt 0:00:02]} 51. Kg4 {[%emt 0:00:02]} Nxf4 {[%emt 0:00:02]} 52. g3 {[%emt 0:00:01]} Nd3 {[%emt 0:00:03]} 53. Kh3 {[%emt 0:00:02]} Nf2+ {[%emt 0:00:05]} 54. Kg2 {[%emt 0:00:02]} Ne4+ {[%emt 0:00:03]} 55. Kf3 {[%emt 0:00:02]} Bd4 {[%emt 0:00:04]} 56. Kg4 {[%emt 0:00:03]} f5+ {[%emt 0:00:05]} 57. exf6 {[%emt 0:00:04]} Nxf6+ {[%emt 0:00:01]} 58. Kh3 {[%emt 0:00:02]} g4+ {[%emt 0:00:01]} 59. Kh4 {[%emt 0:00:02]} Rh2# {[%emt 0:00:01] (Lag: Av=0.55s, max=1.0s)} 0-1

[Event "Silkway Cup"]
[Site "T#646345FIDE"]
[Date "2020.05.26"]
[Round "5"]
[White "Ninullia"]
[Black "Powerstrong"]
[Result "1-0"]
[WhiteElo "1629"]
[BlackElo "1524"]
[Annotator "NA"]
[PlyCount "103"]
[EventDate "2020.05.26"]
[EventType "swiss (blitz)"]

1. d4 {[%emt 0:00:03]} Nf6 {[%emt 0:00:03]} 2. Nf3 {[%emt 0:00:03]} g6 {[%emt 0:00:01]} 3. c4 {[%emt 0:00:01]} Bg7 {[%emt 0:00:01]} 4. g3 {[%emt 0:00:01]} O-O {[%emt 0:00:01]} 5. Bg2 {[%emt 0:00:01]} d6 {[%emt 0:00:03]} 6. Nc3 {[%emt 0:00:01]} Nc6 {[%emt 0:00:05]} 7. O-O {[%emt 0:00:01]} e5 {[%emt 0:00:02]} 8. dxe5 {[%emt 0:00:02]} dxe5 {[%emt 0:00:02]} 9. Bg5 {[%emt 0:00:01]} Be6 {[%emt 0:00:46]} 10. Qa4 {[%emt 0:00:02]} h6 {[%emt 0:00:06]} 11. Rfd1 {[%emt 0:00:06]} Qc8 {[%emt 0:00:22]} 12. Bxf6 {[%emt 0:00:02]} Bxf6 {[%emt 0:00:01]} 13. Nd2 {[%emt 0:00:11]} Rb8 {[%emt 0:01:05]} 14. e3 {[%emt 0:00:18]} a6 {[%emt 0:00:05]} 15. Nd5 {[%emt 0:00:14]} Bg7 {[%emt 0:00:02]} 16. Ne4 {[%emt 0:00:47]} f5 {[%emt 0:00:04]} 17. Nc5 {[%emt 0:00:04]} Bf7 {[%emt 0:00:05]} 18. Rab1 {[%emt 0:00:27]} e4 {[%emt 0:00:23]} 19. b4 {[%emt 0:00:08]} Bxd5 {[%emt 0:00:04]} 20. cxd5 {[%emt 0:00:06]} Ne5 {[%emt 0:00:01]} 21. Ne6 {[%emt 0:00:05]} Rf7 {[%emt 0:00:03]} 22. Nxg7 {[%emt 0:00:04]} Rxg7 {[%emt 0:00:01]} 23. Rbc1 {[%emt 0:00:05]} Qe8 {[%emt 0:00:01]} 24. Qb3 {[%emt 0:00:13]} Qf7 {[%emt 0:00:01]} 25. Rc2 {[%emt 0:00:05]} Rd8 {[%emt 0:00:02]} 26. a3 {[%emt 0:00:07]} c6 {[%emt 0:00:02]} 27. Rcd2 {[%emt 0:00:12]} b5 {[%emt 0:00:16]} 28. Qc3 {[%emt 0:00:21]} Nc4 {[%emt 0:00:04]} 29. Rd4 {[%emt 0:00:01]} cxd5 {[%emt 0:00:01]} 30. Bf1 {[%emt 0:00:01]} Qb7 {[%emt 0:00:02]} 31. a4 {[%emt 0:00:02]} Rgd7 {[%emt 0:00:02]} 32. axb5 {[%emt 0:00:02]} axb5 {[%emt 0:00:00]} 33. Ra1 {[%emt 0:00:01]} Qb6 {[%emt 0:00:04]} 34. Rad1 {[%emt 0:00:02]} Qc7 {[%emt 0:00:05]} 35. h4 {[%emt 0:00:01]} Nb6 {[%emt 0:00:02]} 36. Qc5 {[%emt 0:00:02]} Qxc5 {[%emt 0:00:04]} 37. bxc5 {[%emt 0:00:01]} Nc4 {[%emt 0:00:00]} 38. Rb1 {[%emt 0:00:03]} Rb8 {[%emt 0:00:03]} 39. Bxc4 {[%emt 0:00:01]} bxc4 {[%emt 0:00:03]} 40. Rxb8+ {[%emt 0:00:01]} Kg7 {[%emt 0:00:00]} 41. c6 {[%emt 0:00:01]} Rc7 {[%emt 0:00:00]} 42. Rb7 {[%emt 0:00:01]} Kf6 {[%emt 0:00:04]} 43. Rxc7 {[%emt 0:00:01]} c3 {[%emt 0:00:00]} 44. Rxd5 {[%emt 0:00:01]} c2 {[%emt 0:00:00]} 45. Rc5 {[%emt 0:00:01]} g5 {[%emt 0:00:01]} 46. hxg5+ {[%emt 0:00:01]} Kxg5 {[%emt 0:00:01]} 47. Rd7 {[%emt 0:00:01]} Kg4 {[%emt 0:00:01]} 48. c7 {[%emt 0:00:02]} Kf3 {[%emt 0:00:00]} 49. c8=Q {[%emt 0:00:03]} h5 {[%emt 0:00:00]} 50. Rxf5+ {[%emt 0:00:01]} Ke2 {[%emt 0:00:01]} 51. Qxc2+ {[%emt 0:00:01]} Ke1 {[%emt 0:00:00]} 52. Qd1# {[%emt 0:00:01] (Lag: Av=0.98s, max=1.7s)} 1-0

[Event "Silkway Cup"]
[Site "T#646345FIDE"]
[Date "2020.05.26"]
[Round "5"]
[White "Profi013"]
[Black "Lukiano"]
[Result "0-1"]
[WhiteElo "1620"]
[BlackElo "2651"]
[Annotator "NA"]
[PlyCount "106"]
[EventDate "2020.05.26"]
[EventType "swiss (blitz)"]

1. e4 {[%emt 0:00:03]} c6 {[%emt 0:00:01]} 2. d4 {[%emt 0:00:01]} d5 {[%emt 0:00:00]} 3. Nc3 {[%emt 0:00:00]} dxe4 {[%emt 0:00:01]} 4. Nxe4 {[%emt 0:00:00]} Nf6 {[%emt 0:00:01]} 5. Nxf6+ {[%emt 0:00:01]} gxf6 {[%emt 0:00:01]} 6. Be3 {[%emt 0:00:08]} Nd7 {[%emt 0:00:03]} 7. Qd2 {[%emt 0:00:05]} Nb6 {[%emt 0:00:05]} 8. c4 {[%emt 0:00:06]} e5 {[%emt 0:00:09]} 9. O-O-O {[%emt 0:00:04]} Be6 {[%emt 0:00:02]} 10. Qc2 {[%emt 0:00:28]} Qc7 {[%emt 0:00:08]} 11. Nf3 {[%emt 0:00:05]} O-O-O {[%emt 0:00:02]} 12. Bd3 {[%emt 0:00:04]} e4 {[%emt 0:00:09]} 13. Bxe4 {[%emt 0:00:03]} Nxc4 {[%emt 0:00:01]} 14. Bf5 {[%emt 0:00:02]} Nb6 {[%emt 0:00:10]} 15. Kb1 {[%emt 0:00:05]} Nd5 {[%emt 0:00:05]} 16. Rhe1 {[%emt 0:00:03]} Qd7 {[%emt 0:00:14]} 17. Bxe6 {[%emt 0:00:04]} fxe6 {[%emt 0:00:00]} 18. Bd2 {[%emt 0:00:04]} Bd6 {[%emt 0:00:05]} 19. g3 {[%emt 0:00:14]} Rde8 {[%emt 0:00:02]} 20. Ng1 {[%emt 0:00:12]} Qf7 {[%emt 0:00:04]} 21. Ne2 {[%emt 0:00:01]} Qh5 {[%emt 0:00:03]} 22. h4 {[%emt 0:00:16]} Qf3 {[%emt 0:00:10]} 23. Nc3 {[%emt 0:00:01]} f5 {[%emt 0:00:38]} 24. Bc1 {[%emt 0:00:34]} Nxc3+ {[%emt 0:00:25]} 25. bxc3 {[%emt 0:00:02]} Bc7 {[%emt 0:00:15]} 26. Re2 {[%emt 0:00:09]} e5 {[%emt 0:00:13]} 27. Re3 {[%emt 0:00:04]} Qg4 {[%emt 0:00:10]} 28. dxe5 {[%emt 0:00:04]} Rxe5 {[%emt 0:00:00]} 29. Rxe5 {[%emt 0:00:35]} Bxe5 {[%emt 0:00:00]} 30. Qd3 {[%emt 0:00:01]} Bc7 {[%emt 0:00:23]} 31. Qd4 {[%emt 0:00:08]} Rg8 {[%emt 0:00:13]} 32. Qxg4 {[%emt 0:00:10]} fxg4 {[%emt 0:00:04]} 33. Be3 {[%emt 0:00:01]} Rd8 {[%emt 0:00:03]} 34. Rxd8+ {[%emt 0:00:02]} Kxd8 {[%emt 0:00:01]} 35. Kc2 {[%emt 0:00:00]} Kd7 {[%emt 0:00:01]} 36. Kd3 {[%emt 0:00:00]} Ke6 {[%emt 0:00:01]} 37. Ke4 {[%emt 0:00:00]} h5 {[%emt 0:00:02]} 38. c4 {[%emt 0:00:01]} b6 {[%emt 0:00:03]} 39. a4 {[%emt 0:00:01]} a6 {[%emt 0:00:01]} 40. Bd4 {[%emt 0:00:01]} b5 {[%emt 0:00:01]} 41. cxb5 {[%emt 0:00:01]} cxb5 {[%emt 0:00:01]} 42. axb5 {[%emt 0:00:01]} axb5 {[%emt 0:00:00]} 43. Bc3 {[%emt 0:00:03]} Bd6 {[%emt 0:00:02]} 44. Be1 {[%emt 0:00:01]} b4 {[%emt 0:00:01]} 45. f3 {[%emt 0:00:02]} gxf3 {[%emt 0:00:03]} 46. Kxf3 {[%emt 0:00:02]} Kf5 {[%emt 0:00:01]} 47. Bxb4 {[%emt 0:00:04]} Bxb4 {[%emt 0:00:01]} 48. Kg2 {[%emt 0:00:02]} Kg4 {[%emt 0:00:01]} 49. Kh2 {[%emt 0:00:01]} Kf3 {[%emt 0:00:04]} 50. Kh1 {[%emt 0:00:01]} Bc5 {[%emt 0:00:02]} 51. Kh2 {[%emt 0:00:01]} Bd4 {[%emt 0:00:08]} 52. Kh3 {[%emt 0:00:01]} Bg1 {[%emt 0:00:03]} 53. g4 {[%emt 0:00:01]} hxg4# {[%emt 0:00:00] Mate} 0-1

[Event "Silkway Cup"]
[Site "T#646345FIDE"]
[Date "2020.05.26"]
[Round "5"]
[White "Diana lomaia"]
[Black "HasanzadeT"]
[Result "0-1"]
[WhiteElo "1514"]
[BlackElo "1601"]
[Annotator "NA"]
[PlyCount "146"]
[EventDate "2020.05.26"]
[EventType "swiss (blitz)"]

1. d4 {[%emt 0:00:02]} Nf6 {[%emt 0:00:02]} 2. c4 {[%emt 0:00:01]} g6 {[%emt 0:00:07]} 3. Nc3 {[%emt 0:00:02]} d5 {[%emt 0:00:01]} 4. cxd5 {[%emt 0:00:01]} Nxd5 {[%emt 0:00:01]} 5. e4 {[%emt 0:00:01]} Nxc3 {[%emt 0:00:01]} 6. bxc3 {[%emt 0:00:01]} Bg7 {[%emt 0:00:00]} 7. Bc4 {[%emt 0:00:02]} c5 {[%emt 0:00:02]} 8. Ne2 {[%emt 0:00:04]} O-O {[%emt 0:00:01]} 9. Be3 {[%emt 0:00:02]} Nc6 {[%emt 0:00:01]} 10. O-O {[%emt 0:00:06]} Qc7 {[%emt 0:00:02]} 11. Rc1 {[%emt 0:00:42]} Rd8 {[%emt 0:00:06]} 12. Qc2 {[%emt 0:00:10]} Bd7 {[%emt 0:00:15]} 13. Qb1 {[%emt 0:00:22]} Na5 {[%emt 0:00:10]} 14. Bb5 {[%emt 0:00:07]} Rac8 {[%emt 0:00:05]} 15. Rfd1 {[%emt 0:00:06]} Bxb5 {[%emt 0:00:27]} 16. Qxb5 {[%emt 0:00:03]} a6 {[%emt 0:00:01]} 17. Qxc5 {[%emt 0:00:06]} Qxc5 {[%emt 0:00:01]} 18. dxc5 {[%emt 0:00:02]} Nc4 {[%emt 0:00:02]} 19. Bf4 {[%emt 0:00:26]} h6 {[%emt 0:00:15]} 20. h4 {[%emt 0:00:35]} e5 {[%emt 0:00:55]} 21. Bg3 {[%emt 0:00:13]} Rxd1+ {[%emt 0:00:04]} 22. Rxd1 {[%emt 0:00:01]} Rxc5 {[%emt 0:00:00]} 23. Rd8+ {[%emt 0:00:02]} Bf8 {[%emt 0:00:11]} 24. f4 {[%emt 0:00:03]} exf4 {[%emt 0:00:06]} 25. Bxf4 {[%emt 0:00:03]} g5 {[%emt 0:00:22]} 26. hxg5 {[%emt 0:00:07]} hxg5 {[%emt 0:00:00]} 27. Bg3 {[%emt 0:00:18]} Ne5 {[%emt 0:00:21]} 28. Bxe5 {[%emt 0:00:03]} Rxe5 {[%emt 0:00:00]} 29. Nd4 {[%emt 0:00:01]} Rxe4 {[%emt 0:00:05]} 30. Nf5 {[%emt 0:00:01]} Re5 {[%emt 0:00:04]} 31. Nh6+ {[%emt 0:00:03]} Kg7 {[%emt 0:00:02]} 32. Ng4 {[%emt 0:00:01]} Re2 {[%emt 0:00:02]} 33. Kf1 {[%emt 0:00:01]} Rxa2 {[%emt 0:00:02]} 34. Rd7 {[%emt 0:00:01]} Bc5 {[%emt 0:00:11]} 35. Rxb7 {[%emt 0:00:03]} a5 {[%emt 0:00:01]} 36. Ne5 {[%emt 0:00:01]} Rf2+ {[%emt 0:00:02]} 37. Ke1 {[%emt 0:00:01]} Rf5 {[%emt 0:00:01]} 38. Nd3 {[%emt 0:00:04]} Bd6 {[%emt 0:00:01]} 39. Rd7 {[%emt 0:00:02]} Bg3+ {[%emt 0:00:02]} 40. Ke2 {[%emt 0:00:01]} Kg6 {[%emt 0:00:01]} 41. Ra7 {[%emt 0:00:02]} f6 {[%emt 0:00:01]} 42. Ra6 {[%emt 0:00:01]} Rb5 {[%emt 0:00:02]} 43. Kf3 {[%emt 0:00:02]} Bb8 {[%emt 0:00:03]} 44. Rc6 {[%emt 0:00:02]} Rb3 {[%emt 0:00:01]} 45. Rc5 {[%emt 0:00:03]} a4 {[%emt 0:00:02]} 46. Nc1 {[%emt 0:00:04]} Rb1 {[%emt 0:00:02]} 47. Ne2 {[%emt 0:00:01]} Be5 {[%emt 0:00:03]} 48. Ra5 {[%emt 0:00:01]} Ra1 {[%emt 0:00:01]} 49. Nd4 {[%emt 0:00:02]} Ra3 {[%emt 0:00:03]} 50. Nb5 {[%emt 0:00:03]} Rb3 {[%emt 0:00:01]} 51. Ke2 {[%emt 0:00:05]} a3 {[%emt 0:00:01]} 52. Nxa3 {[%emt 0:00:01]} Bxc3 {[%emt 0:00:03]} 53. Ra6 {[%emt 0:00:01]} Be5 {[%emt 0:00:03]} 54. Nc4 {[%emt 0:00:01]} Bd4 {[%emt 0:00:01]} 55. Rc6 {[%emt 0:00:04]} Rc3 {[%emt 0:00:03]} 56. Na5 {[%emt 0:00:01]} Ra3 {[%emt 0:00:04]} 57. Nc4 {[%emt 0:00:01]} Ra2+ {[%emt 0:00:01]} 58. Kf3 {[%emt 0:00:01]} Kf5 {[%emt 0:00:05]} 59. Ne3+ {[%emt 0:00:02]} Bxe3 {[%emt 0:00:03]} 60. g4+ {[%emt 0:00:01]} Kg6 {[%emt 0:00:03]} 61. Kxe3 {[%emt 0:00:01]} Ra3+ {[%emt 0:00:03]} 62. Kf2 {[%emt 0:00:02]} Rb3 {[%emt 0:00:01]} 63. Ra6 {[%emt 0:00:02]} Kf7 {[%emt 0:00:01]} 64. Rc6 {[%emt 0:00:02]} Rd3 {[%emt 0:00:01]} 65. Ra6 {[%emt 0:00:02]} Ke7 {[%emt 0:00:01]} 66. Kg2 {[%emt 0:00:02]} Rd6 {[%emt 0:00:02]} 67. Ra5 {[%emt 0:00:02]} Ke6 {[%emt 0:00:01]} 68. Rf5 {[%emt 0:00:02]} Rd4 {[%emt 0:00:03]} 69. Kg3 {[%emt 0:00:01]} Rd3+ {[%emt 0:00:01]} 70. Kg2 {[%emt 0:00:01]} Rd5 {[%emt 0:00:00]} 71. Rf3 {[%emt 0:00:02]} Rd4 {[%emt 0:00:02]} 72. Rf5 {[%emt 0:00:01]} Rxg4+ {[%emt 0:00:02]} 73. Kf3 {[%emt 0:00:01]} Kxf5 {[%emt 0:00:00] Diana lomaia resigns (Lag: Av=0.75s, max=1.8s)} 0-1

[Event "Silkway Cup"]
[Site "T#646345FIDE"]
[Date "2020.05.26"]
[Round "5"]
[White "AbdullaKh"]
[Black "Moonlightbae"]
[Result "1-0"]
[WhiteElo "1468"]
[BlackElo "1635"]
[Annotator "NA"]
[PlyCount "81"]
[EventDate "2020.05.26"]
[EventType "swiss (blitz)"]

1. e4 {[%emt 0:00:03]} c5 {[%emt 0:00:02]} 2. c3 {[%emt 0:00:04]} d5 {[%emt 0:00:02]} 3. exd5 {[%emt 0:00:04]} Qxd5 {[%emt 0:00:00]} 4. d4 {[%emt 0:00:01]} Nf6 {[%emt 0:00:02]} 5. Nf3 {[%emt 0:00:02]} Nc6 {[%emt 0:00:01]} 6. Na3 {[%emt 0:00:06]} cxd4 {[%emt 0:00:05]} 7. Nb5 {[%emt 0:00:13]} Qd8 {[%emt 0:00:10]} 8. Nbxd4 {[%emt 0:00:05]} Nxd4 {[%emt 0:00:02]} 9. Qxd4 {[%emt 0:00:16]} Qxd4 {[%emt 0:00:04]} 10. Nxd4 {[%emt 0:00:01]} e6 {[%emt 0:00:01]} 11. g3 {[%emt 0:00:11]} Be7 {[%emt 0:00:07]} 12. Bg2 {[%emt 0:00:01]} O-O {[%emt 0:00:01]} 13. O-O {[%emt 0:00:01]} Nd5 {[%emt 0:00:29]} 14. c4 {[%emt 0:00:22]} Nb6 {[%emt 0:00:07]} 15. b3 {[%emt 0:00:04]} Bf6 {[%emt 0:00:02]} 16. Be3 {[%emt 0:00:07]} Rb8 {[%emt 0:00:25]} 17. a4 {[%emt 0:00:11]} e5 {[%emt 0:00:09]} 18. Nb5 {[%emt 0:00:03]} e4 {[%emt 0:00:08]} 19. Rad1 {[%emt 0:00:01]} Bg4 {[%emt 0:00:14]} 20. Rd2 {[%emt 0:00:01]} a6 {[%emt 0:00:07]} 21. Bxb6 {[%emt 0:00:07]} axb5 {[%emt 0:00:03]} 22. axb5 {[%emt 0:00:00]} Bc3 {[%emt 0:00:08]} 23. Rc2 {[%emt 0:00:03]} Bb4 {[%emt 0:00:09]} 24. Bxe4 {[%emt 0:00:02]} Rfe8 {[%emt 0:00:06]} 25. f3 {[%emt 0:00:12]} Bh3 {[%emt 0:00:08]} 26. Rd1 {[%emt 0:00:01]} h5 {[%emt 0:00:14]} 27. c5 {[%emt 0:00:20]} Ra8 {[%emt 0:00:02]} 28. Bxb7 {[%emt 0:00:10]} Ra3 {[%emt 0:00:04]} 29. c6 {[%emt 0:00:13]} Rxb3 {[%emt 0:00:04]} 30. c7 {[%emt 0:00:03]} Bc3 {[%emt 0:00:43]} 31. Rdc1 {[%emt 0:00:25]} Rxb5 {[%emt 0:00:04]} 32. Bc6 {[%emt 0:00:04]} Rxb6 {[%emt 0:00:01]} 33. Bxe8 {[%emt 0:00:03]} Bd4+ {[%emt 0:00:01]} 34. Kh1 {[%emt 0:00:01]} Bc8 {[%emt 0:00:04]} 35. Rd1 {[%emt 0:00:02]} Be3 {[%emt 0:00:02]} 36. Bd7 {[%emt 0:00:07]} Bb7 {[%emt 0:00:01]} 37. c8=Q+ {[%emt 0:00:02]} Kh7 {[%emt 0:00:01]} 38. Qxb7 {[%emt 0:00:04]} Rxb7 {[%emt 0:00:01]} 39. Bc6 {[%emt 0:00:01]} Rb6 {[%emt 0:00:02]} 40. Be4+ {[%emt 0:00:00]} Rg6 {[%emt 0:00:03]} 41. Bxg6+ {[%emt 0:00:03] Moonlightbae resigns (Lag: Av=0.37s, max=0.8s)} 1-0